Základné princípy OEE (Overall Equipment Effectiveness) a jej prínosy
V súčasnosti sú všetky firmy vystavené vysokému tlaku z hľadiska konkurencie, ktorá je globálna a neúprosná. Medzi úspechom a neúspechom firmy niekedy rozhodujú aj tie najmenšie detaily. Kľúčovými faktormi úspechu sú kvalita, cena a čas dodania. Nie každý úspešný produkt má všetky tri parametre na t...
Enregistré dans:
| Auteur principal: | |
|---|---|
| Format: | Chapitre de livre |
| Langue: | slovaque |
| Sujets: | |
| Tags: |
Pas de tags, Soyez le premier à ajouter un tag!
|
MARC
| LEADER | 00000naa a2200000 4500 | ||
|---|---|---|---|
| 001 | 0308327 | ||
| 005 | 20250429080141.2 | ||
| 041 | 0 | |a slo | |
| 044 | |a SK | ||
| 245 | 1 | 0 | |a Základné princípy OEE (Overall Equipment Effectiveness) a jej prínosy |c Albert Mareš |
| 520 | |a V súčasnosti sú všetky firmy vystavené vysokému tlaku z hľadiska konkurencie, ktorá je globálna a neúprosná. Medzi úspechom a neúspechom firmy niekedy rozhodujú aj tie najmenšie detaily. Kľúčovými faktormi úspechu sú kvalita, cena a čas dodania. Nie každý úspešný produkt má všetky tri parametre na tej najlepšej úrovni t.j. najvyššia kvalita, najnižšia cena, najrýchlejší čas dodania. V realite ide takmer vždy o hľadanie vhodného kompromisu medzi týmito parametrami. | ||
| 610 | 2 | 0 | |a konkurencieschopnosť |
| 610 | 2 | 0 | |a inovácia |
| 610 | 2 | 0 | |a trh |
| 610 | 2 | 0 | |a výkonnosť |
| 610 | 2 | 0 | |a kvalita |
| 100 | 1 | |a Mareš, Albert | |